| 000 | 00624nam a2200241Ia 4500 | ||
|---|---|---|---|
| 003 | OSt | ||
| 005 | 20221005114713.0 | ||
| 006 | a|||||r|||| 00| 0 | ||
| 007 | ta | ||
| 008 | 221004b |||||||| |||| 00| 0 mal d | ||
| 024 | _a54873 | ||
| 037 | _cTextual | ||
| 040 |
_aCRL _cCRL _bmal |
||
| 041 |
_2mal _amal |
||
| 082 | _aO32,1N02,4, G1 | ||
| 100 |
_aMary John Au. _9626389 |
||
| 245 | 0 | _aBalykala smaranakal | |
| 260 | _c1931 | ||
| 650 |
_a MALAYALAM POETRY _9185636 |
||
| 650 |
_aMALAYALAM LITERATURE _938866 |
||
| 942 |
_hO32,1N02,4, G1 _cTEXL _2cc |
||
| 999 |
_c1032121 _d1032121 |
||